• 首页
  • 本馆介绍
  • 公告通知
  • 最新文献
  • 馆藏检索
  • 电子资源
  • 读者导购
  • 参考咨询
  • 我的图书馆
  • 登录
  • 详细信息显示
  • 放入我的书架
  • 预约/预借图书
  • 作者相关作品
  • 分类相关作品
  • 丛书相关作品
  • 出版社相关作品

书目信息

  • 表格格式
  • 工作单格式
  • 卡片格式
题名:
保险资金管理
    
 
作者: 张洪涛 , 王国良 主编
分册:  
出版信息: 北京   中国人民大学出版社  2005
页数: 261页
开本: 23cm
丛书名:
单 册:
中图分类: F840.32
科图分类:
主题词: 保险公司--资金管理--教材 , 资金管理 , 保险公司
电子资源:
ISBN: 7-300-06407-8
000 01119nam0 2200301 450
000 01144nam0 2200301 450
000 01074nam0 2200277 450
000 01038nam0 2200265 45
005 20070725162141.79
010    @a7-300-06407-8@dCNY20.00
100    @a20070711d2005 em y0chiy0120 ea
101 0  @achi
102    @aCN@b110000
105    @ay z 000yy
200 1  @a保险资金管理@ABao Xian Zi Jin Guan Li@f张洪涛,王国良主编@FZhang Hong Tao, Wang Guo Liang Zhu Bian
210    @a北京@c中国人民大学出版社@d2005
215    @a261页@d23cm
300    @a21世纪保险系列教材/张洪涛总主编
330    @a本书重点对保险资金管理的相关理论及具体投资工具进行了介绍和分析。根据保险资金管理的特点,对保险资金管理中的资产负债管理理论、资产组合管理理论和风险管理理论进行了研究。
510 1  @aInsurance Fund Management@zeng
606 0  @a保险公司@x资金管理@j教材
606 0  @a资金管理
606 0  @a保险公司
690    @aF840.32@v4
701  0 @a张洪涛@AZhang Hong Tao@c(保险)@4主编
701  0 @a王国良@AWang Guo Liang@c(高级经济师,@f1950.3~)@4主编
801  0 @aCN@bTAOJIN@c20070725
905    @a10447@dF840.32@e34
    
    保险资金管理/张洪涛,王国良主编.-北京:中国人民大学出版社,2005
    261页;23cm
    21世纪保险系列教材/张洪涛总主编
    
    ISBN 7-300-06407-8:CNY20.00
    本书重点对保险资金管理的相关理论及具体投资工具进行了介绍和分析。根据保险资金管理的特点,对保险资金管理中的资产负债管理理论、资产组合管理理论和风险管理理论进行了研究。
●
相关链接 在E读中查询图书 在五车中查询图书 在当当中查询图书 在豆瓣中查询图书


正题名:保险资金管理     索取号:F840.32/34         预约/预借

序号 登录号 条形码 馆藏地/架位号 状态 备注
1 0826107   208261076   第一样本阅览室/ [索取号:F840.32/34] 在馆    
2 0826108   208261085   第一借阅区/ [索取号:F840.32/34] 在馆    
3 0826109   208261094   密集书库/ [索取号:F840.32/34] 在馆    
4 0826110   208261101   密集书库/ [索取号:F840.32/34] 在馆    
5 0826111   208261110   第一借阅区/ [索取号:F840.32/34] 在馆    
6 0826112   208261129   第一借阅区/ [索取号:F840.32/34] 在馆    
7 0826113   208261138   第一借阅区/ [索取号:F840.32/34] 在馆    
8 0826114   208261147   密集书库/ [索取号:F840.32/34] 在馆    
唐山师范学院图书馆 欢迎您!
大连网信软件有限公司© 版权所有